书目信息 |
| 题名: |
语言帝国
|
|
| 作者: | 奥斯特勒 著 ;章璐 译 | |
| 分册: | ||
| 出版信息: | 上海 上海人民出版社 2016.04 |
|
| 页数: | 537页 | |
| 开本: | 24cm | |
| 丛书名: | 历史·文化经典译丛 | |
| 单 册: | ||
| 中图分类: | H0-09 | |
| 科图分类: | ||
| 主题词: | 语言史--研究--世界 | |
| 电子资源: | ||
| ISBN: | 978-7-208-13611-3 | |
| 000 | 01365oam2 2200313 450 | |
| 001 | 0120161834241 | |
| 005 | 20170920092042.64 | |
| 010 | @a978-7-208-13611-3@dCNY72.00 | |
| 100 | @a20160519d2016 em y0chiy50 ea | |
| 101 | 1 | @achi@ceng |
| 102 | @aCN@b310000 | |
| 105 | @ab z 000yy | |
| 106 | @ar | |
| 200 | 1 | @a语言帝国@9yu yan di guo@e世界语言史@dEmpires of the Word@ea language history of the world@f(英)尼古拉斯·奥斯特勒(Nicholas Ostler)著@g章璐[等]译@zeng |
| 205 | @a3版 | |
| 210 | @a上海@c上海人民出版社@d2016.04 | |
| 215 | @a537页@c地图@d24cm | |
| 225 | 2 | @a历史·文化经典译丛@i专题史系列 |
| 330 | @a《语言帝国:世界语言史》是第一部把各种不同类别、形态的语言整合到一起的作品,称得上是语言学的《一千零一夜》。它旨在通过历史上的语言故事反映一个民族的真实特性及其在历史上所经历的盛衰涨落。书中,一方面回顾了曾在世界上有着重要影响力的语言如何从本土传播到世界各地,另一方面也论述了语言在传播过程中所遭受的失败。 | |
| 333 | @a语言学研究者 | |
| 462 | 0 | @12001 @a历史·文化经典译丛@i专题史系列 |
| 510 | 1 | @aEmpires of the word@ea language history of the world@zeng |
| 517 | 1 | @a世界语言史@9shi jie yu yan shi |
| 606 | 0 | @a语言史@x研究@y世界 |
| 690 | @aH0-09@v5 | |
| 701 | 0 | @c(英)@a奥斯特勒@9ao si te le@c(Ostler, Nicholas)@4著 |
| 702 | 0 | @a章璐@9zhang lu@4译 |
| 801 | 0 | @aCN@b人天书店@c20160519 |
| 905 | @b1078140-45@dH0-09@e263=3@f6 | |
| 语言帝国:世界语言史=Empires of the Word:a language history of the world/(英)尼古拉斯·奥斯特勒(Nicholas Ostler)著/章璐[等]译.-3版.-上海:上海人民出版社,2016.04 |
| 537页:地图;24cm.-(历史·文化经典译丛.专题史系列) |
| 使用对象:语言学研究者 |
| ISBN 978-7-208-13611-3:CNY72.00 |
| 《语言帝国:世界语言史》是第一部把各种不同类别、形态的语言整合到一起的作品,称得上是语言学的《一千零一夜》。它旨在通过历史上的语言故事反映一个民族的真实特性及其在历史上所经历的盛衰涨落。书中,一方面回顾了曾在世界上有着重要影响力的语言如何从本土传播到世界各地,另一方面也论述了语言在传播过程中所遭受的失败。 |
| ● |
| 相关链接 |
|
|
|
|
正题名:语言帝国
索取号:H0-09/263=3
 
预约/预借
| 序号 | 登录号 | 条形码 | 馆藏地/架位号 | 状态 | 备注 |
| 1 | 1078140 | 210781402 | 第二样本阅览室/ [索取号:H0-09/263=3] | 在馆 | |
| 2 | 1078141 | 210781411 | 第四借阅区/ [索取号:H0-09/263=3] | 在馆 | |
| 3 | 1078142 | 210781420 | 密集书库-文学院/ [索取号:H0-09/263=3] | 在馆 | |
| 4 | 1078143 | 210781439 | 第四借阅区/ [索取号:H0-09/263=3] | 在馆 | |
| 5 | 1078144 | 210781448 | 第四借阅区/ [索取号:H0-09/263=3] | 在馆 | |
| 6 | 1078145 | 210781457 | 第四借阅区/ [索取号:H0-09/263=3] | 在馆 |